The avoidance of strong ties (Record no. 528326)

000 -LEADER
fixed length control field 01826nam a22001457a 4500
008 - FIXED-LENGTH DATA ELEMENTS--GENERAL INFORMATION
fixed length control field 241129b ||||| |||| 00| 0 eng d
100 ## - MAIN ENTRY--PERSONAL NAME
Personal name Small, Mario L. Brant, Kristina and Fekete, Maleah
245 ## - TITLE STATEMENT
Title The avoidance of strong ties
260 ## - PUBLICATION, DISTRIBUTION, ETC. (IMPRINT)
Place of publication, distribution, etc American Sociological Review
300 ## - PHYSICAL DESCRIPTION
Extent 89(4), Aug, 2024: p.615-649
520 ## - SUMMARY, ETC.
Summary, etc Theorists have proposed that a value of close friends and family—strong ties—is the ability to confide in them when facing difficult issues. But close relationships are complicated, and recent studies report that people sometimes avoid strong ties when facing personal issues. How common is such avoidance? The question speaks to theoretical debates over the nature of “closeness” and practical concerns over social isolation. We develop an approach and test it on new, nationally representative data. We find that, when facing personal difficulties, adult Americans are as likely to avoid as to talk to close friends and family. Most avoidance is not actively reflected on but passively enacted, and, contrary to common belief, is not limited to either specific network members or particular topics, depending instead on the conjunction of member and topic. Building on Simmel, we propose that a theory of the fundamental need to conceal and reveal helps account for the findings. We suggest that there is no more empirical justification for labeling strong ties as those who are trusted than for labeling them as those who are avoided. In turn, isolation might be less a matter of having no intimates than of having repeatedly to avoid them.- Reproduced

https://journals.sagepub.com/doi/full/10.1177/00031224241263602
650 ## - SUBJECT ADDED ENTRY--TOPICAL TERM
Topical term or geographic name as entry element Avoidance, Strong ties, Intimates, Social network, Isolation.
9 (RLIN) 49152
773 ## - HOST ITEM ENTRY
Main entry heading American Sociological Review
942 ## - ADDED ENTRY ELEMENTS (KOHA)
Item type Articles
Holdings
Withdrawn status Lost status Source of classification or shelving scheme Damaged status Not for loan Permanent location Current location Date acquired Serial Enumeration / chronology Barcode Date last seen Koha item type
          Indian Institute of Public Administration Indian Institute of Public Administration 2024-11-29 89(4), Aug, 2024: p.615-649 AR133719 2024-11-29 Articles

Powered by Koha